000
00467nam a2200181Ia 4500
008
090124s9999 xx 000 0 und d
082
_b
45610
100
_a
ठाकूर दिलीप
245
_a
आडपडदा
250
_a
1
260
_c
2006
300
_a
215+03
600
_a
ठाकूर दिलीप
630
_a
आडपडदा
700
_a
ठाकूर दिलीप
730
_a
आडपडदा
942
_c
BOOK
999
_c
111834
_d
111834